000 00798nam a2200217Ia 4500
003 GCL
008 140319s9999 xx 000 0 ara d
020 _a3290227977
040 _aGCL /
_cGCL
082 0 4 _aق
_b351
_bم و
100 1 _aمحمد أبوالفضل
245 1 0 _aوزارة الصناعة /
_cمحمد أبوالفضل
260 _aالقاهرة :
_bمركز الدراسات السياسية والاستراتيجية - الأهرام ،
_c2005
300 _a152 ص ؛
_c22 سم
490 _aسلسلة الوزارات المصرية
_v0
650 0 4 _aمصر - الاحوال الاقتصادية
650 0 4 _aالوزارات - مصر
650 0 4 _aوزارة الصناعة - مصر
650 0 4 _aوزارة الصناعة - تنظيم وإدارة
942 _2ddc
_cBK
999 _c9281
_d9281